000 00414cam a22001337a 4500
008 180718b1972 xxu||||| |||| 00| 0 eng d
082 _aL2mx5441 G949
100 _aGujarat. Octroi Inquiry Commission
245 _aReport of the Octroi Inquiry Commission 1970 (Gujarat)
260 _aAhmedabad
_bThe author
_c1972
300 _a249+p.
500 _aChairman: Maldevji Odedra
700 _aOdedra, Mahadevji, Chairman
999 _c489523
_d489523